Score 0/26 Timer 03:00
0 Plays Today
Movie Title Missing Word % Correct
________ ScissorhandsEdward
98%
________ With WolvesDances
96.4%
________ AttractionFatal
94.7%
________ WeaponLethal
94.1%
________ in SeattleSleepless
93.1%
________ AgeIce
92.2%
________-EWALL
91.7%
________ the BarbarianConan
90.8%
________ Dark ThirtyZero
90.1%
________ the HedgeOver
89.5%
________ GunTop
87%
________ FrankensteinYoung
86.8%
________ ParkJurassic
85.9%
Movie Title Missing Word % Correct
________ SaddlesBlazing
85.3%
________ GraffitiAmerican
85%
________ of SolaceQuantum
82.2%
________ & DayKnight
81.1%
________ BuckUncle
78.3%
________ MikeMagic
76.7%
________ Can WaitHeaven
73.6%
________ SkyVanilla
73.6%
________ AdamsPatch
70.6%
________ DogsReservoir
67.6%
________ DayGroundhog/Graduation
64%
________ Dallas FortyNorth
51.7%
________: State of the UnionXXX
39%

Today's Daily Dose

Word Ladder
Silence

Get the Picture
Philly Team Facts

You're not logged in!

Compare scores with friends on all Sporcle quizzes.
OR
Log In

Sporcle TV

Today on Sporcle TV


Watch our educational content, quiz creation guides, and fun videos on Sporcle TV.

Show Comments

Extras

Top Quizzes Today


Score Distribution

Your Account Isn't Verified!

In order to create a playlist on Sporcle, you need to verify the email address you used during registration. Go to your Sporcle Settings to finish the process.

Report this User

Report this user for behavior that violates our Community Guidelines.

Details: